Elecciones en Guatemala

Gespeichert in:
Bibliographische Detailangaben
Format: Text
Schlagworte:
Tags: Tag hinzufügen
Keine Tags, Fügen Sie den ersten Tag hinzu!

MARC

LEADER 00000 a a2200000 04500
001 17513
003
040
245 |a Elecciones en Guatemala  
650 |a ELECCIONES  
650 |a GUATEMALA  
773 |g número 13; páginas 199-202  
999 |c 34891  |d 34891 
773 0 |0 42391  |9 4090  |a Agencia Latinoamericana de Información, ALAI  |d Quito, Ecuador: ALAI  |o 03949  |t ALAI:  |x 08275564 (Servicio mensual de información y documentación)